000 00540nam a2200157 i 4500
001 73611
003 ES-MaACL
005 20230906171853.0
007 t|
008 040909q19401949sp ||||1| spa d
100 1 _aGómez del Llano, Francisco.
_957931
245 1 0 _aLiquidación del Impuesto de Derechos reales y transmisión de bienes
_b: adaptados al programa de registros /
_cFrancisco Gómez del Llano.
260 _aMadrid :
_bInstituto Editorial Reus,
_c[194-?]
300 _a232 p. ;
_c24 cm.
852 _aES-MaACL
_jF-15560
_bR.19833
999 _c73611
_d73611